London (Record no. 116837)

MARC details
000 -LEADER
fixed length control field 00762cem a22001935a 4500
001 - CONTROL NUMBER
control field L140328
008 - FIXED-LENGTH DATA ELEMENTS--GENERAL INFORMATION
fixed length control field 070918s1870 xxk a 0 eng u
035 ## - SYSTEM CONTROL NUMBER
System control number (Sirsi) u140328
041 0# - LANGUAGE CODE
Language code of text/sound track or separate title eng
100 1# - MAIN ENTRY--PERSONAL NAME
Personal name Davies, B. R.
245 00 - TITLE STATEMENT
Title London
Remainder of title drawn and engraved expressly for the Post Office Directory 1870 by B. R. Davies, 16 George Str., Euston Squ.
Medium [cartographic material]
255 ## - CARTOGRAPHIC MATHEMATICAL DATA
Statement of scale Scale ca. 1:21848
260 ## - PUBLICATION, DISTRIBUTION, ETC.
Place of publication, distribution, etc. London
Name of publisher, distributor, etc. Kelly and Co.
Date of publication, distribution, etc. 1870
300 ## - PHYSICAL DESCRIPTION
Extent 1 map
Other physical details cloth backed, folded
Dimensions on sheet 67 x 91 cm., folded to 25 x 35 cm.
500 ## - GENERAL NOTE
General note Map is in a poor condition, with tears and losses to the printed area.
651 4# - SUBJECT ADDED ENTRY--GEOGRAPHIC NAME
Geographic name London
690 ## - LOCAL SUBJECT ADDED ENTRY--TOPICAL TERM (OCLC, RLIN)
Topical term or geographic name as entry element ENVIRONMENTAL AND LAND CONSULTANCY-GEOMATICS-MAPPING AND POSITIONING-CARTOGRAPHY
942 ## - ADDED ENTRY ELEMENTS (KOHA)
Suppress in OPAC 0
Holdings
Withdrawn status Lost status Source of classification or shelving scheme Damaged status Not for loan Home library Current library Shelving location Date acquired Total Checkouts Full call number Barcode Date last seen Copy number Price effective from Koha item type
    Dewey Decimal Classification     Historic collection Historic collection Historic collection 18/09/2007   MAP CABINET DRAWER 8 140328-2001 06/08/2019 1 06/08/2019 Archive